01463nam a2200301 i 4500001001000000003000900010005001700019007000300036008004100039020001500080040003000095082001700125245013800142264006000280300005700340336002700397337003300424338002800457490002800485504004000513590002600553700004200579942001400621952013400635952012200769952025500891999001501146000007124DO-SdBNP20241030110953.0ta090904s2003 dr 000 0 spa d a9993424080 aDO-SdBNPbspacBNPHUerda 4axxxbxxx22200aEducar en tiempos difíciles :bestudios y propuestas para el cambio /ctraducción, Sabina Barone ; edición, Raymundo González 4aSanto Domingo :bEditora Centro Cultural Poveda,c2003. a248 páginas :bilustraciones, gráficos ;c25 cm. atextobtxt2rdacontent asin mediaciónbn2rdamedia avolumenbnc2rdacarrier1 aAnuario pedagógicov6 aBibliografía : páginas 223 -224 aInventariado, 2024/BT1 aSabina Barone,etraductor4tr.919767 2ddccLBS1 00102ddc56708DSaBNPHUbBNPHUcMId2009-09-04l0o BNPHU DS p7124-50r2020-06-25te. 3w2020-06-25yLBS1ZPréstamo en sala 00102ddc51708PDaBNPHUbBNPHUcCTd2009-09-04l0o BNPHU PD p7124-30r2020-06-25w2020-06-25yLBS1ZNo se presta 00102ddc51708PDaBNPHUbBNPHUcCTd2009-09-04eDonado por la Presidencia de la República Dominicana 2023.l0o BNPHU PD p7124-40r2020-06-25te. 2w2020-06-25yLBS1zPerteneció a la biblioteca personal de Emilio Cordero Michel.ZNo se presta c6905d6905